Seven Indian educationist (Record no. 2857)

MARC details
000 -LEADER
fixed length control field 00676 a2200205 4500
010 ## - LIBRARY OF CONGRESS CONTROL NUMBER
LC control number ENG-85540
020 ## - INTERNATIONAL STANDARD BOOK NUMBER
Terms of availability 195.00
035 ## - SYSTEM CONTROL NUMBER
System control number EN-69073
037 ## - SOURCE OF ACQUISITION
Source of stock number/acquisition D.B.Act / Pub
082 14 - DEWEY DECIMAL CLASSIFICATION NUMBER
Classification number 370.92
090 ## - LOCALLY ASSIGNED LC-TYPE CALL NUMBER (OCLC); LOCAL CALL NUMBER (OCLC)
-- 2912
-- 2912
100 1# - MAIN ENTRY--PERSONAL NAME
Personal name Biswas, A.
245 1# - TITLE STATEMENT
Title Seven Indian educationist
Statement of responsibility, etc by A. Biswas and J. C. Aggarwal
Remainder of title including 35 other thinkers on education in modern India
250 ## - EDITION STATEMENT
Edition statement 5th ed.
260 ## - PUBLICATION, DISTRIBUTION, ETC. (IMPRINT)
Place of publication, distribution, etc New Delhi
Name of publisher, distributor, etc Arya Book Depot
Date of publication, distribution, etc 2006
270 ## - ADDRESS
City 30, Naiwala, Karol Bagh
State or province New Delhi
Postal code 110 005
300 ## - PHYSICAL DESCRIPTION
Extent 279 p.
Dimensions 21 cm (Pbk.)
942 ## - ADDED ENTRY ELEMENTS (KOHA)
Institution code [OBSOLETE] dpl
Koha item type English Books
Call number prefix 370.92 / BIS
Holdings
Withdrawn status Lost status Source of classification or shelving scheme Damaged status Not for loan Collection code Home library Current library Source of acquisition Cost, normal purchase price Total Checkouts Full call number Barcode Date last seen Copy number Uniform Resource Identifier Cost, replacement price Price effective from Koha item type
    Dewey Decimal Classification   Not For Loan Non-fiction D.B.Act.Division D.B.Act.Division DBAD/PUB 195.00   370.92 BIS EN-69073 15/09/2008 1 3046 195.00 15/09/2008 English Books

© Delhi Public Library
Hit Counter
free hit counter